Gestión de stocks / (Record no. 105194)

MARC details
000 -LEADER
campo de control de longitud fija 00653nam a22002291 4500
001 - NÚMERO DE CONTROL
campo de control 105194
003 - IDENTIFICADOR DE NÚMERO DE CONTROL
campo de control ES-MaACL
007 - CAMPO FIJO DE DESCRIPCIÓN FÍSICA--INFORMACIÓN GENERAL
campo de control de longitud fija t|
008 - DATOS DE LONGITUD FIJA--INFORMACIÓN GENERAL
campo de control de longitud fija 060615s1974 sp ||||0| spa d
016 7# - NÚMERO DE CONTROL DE UNA AGENCIA BIBLIOGRÁFICA NACIONAL
Número de control cancelado/no válido IND9200523568
040 ## - FUENTE DE CATALOGACIÓN
Centro catalogador/agencia de origen M-BN
Lengua de catalogación spa
Centro/agencia transcriptor A2
080 ## - NÚMERO DE LA CLASIFICACIÓN DECIMAL UNIVERSAL
Número de la Clasificación Decimal Universal 658.784
100 1# - ENTRADA PRINCIPAL--NOMBRE DE PERSONA
Nombre de persona López Merino, Manuel.
9 (RLIN) 73783
245 10 - MENCIÓN DEL TÍTULO
Título Gestión de stocks /
Mención de responsabilidad, etc. Manuel López Merino.
260 ## - PUBLICACIÓN, DISTRIBUCIÓN, ETC.
Lugar de publicación, distribución, etc. Madrid :
Nombre del editor, distribuidor, etc. Organización Sindical,
Fecha de publicación, distribución, etc. 1974.
300 ## - DESCRIPCIÓN FÍSICA
Extensión 134 p ;
Dimensiones 25 cm.
490 1# - MENCIÓN DE SERIE
Mención de serie Estudios monográficos
650 14 - PUNTO DE ACCESO ADICIONAL DE MATERIA--TÉRMINO DE MATERIA
Término de materia o nombre geográfico como elemento de entrada Gestión de stocks.
9 (RLIN) 13117
830 0# - PUNTO DE ACCESO ADICIONAL DE SERIE-TÍTULO UNIFORME
Título uniforme Estudios monográficos
9 (RLIN) 184969
852 ## - LOCALIZACIÓN
Ubicación ES-MaACL
Número de control de estantería E-7596
Sublocalización o colección R.91857
Holdings
Estatus retirado Estado de pérdida Estado de daño No para préstamo Biblioteca de origen Biblioteca actual Ubicación en estantería Fecha de adquisición Fuente de adquisición Total de préstamos Signatura topográfica completa Código de barras Visto por última vez Precio de reemplazo Tipo de ítem Koha
        Biblioteca del Ateneo de Madrid Biblioteca del Ateneo de Madrid Depósito 2 17/01/2008     E-7596 1109824 23/02/2023 23/02/2023 Libro impreso